Statistiques concernant Le prénom des cinéastes français les plus connus

Cliquez ici pour prendre le quiz!

Statistiques générales

  • Ce quiz a été pris 144 fois
    (115 depuis la dernière actualisation)
  • Le résultat moyen est 24 sur 32

Statistiques - réponses

NomPrénom% Correct
Renoir - CocteauJean
98%
Chabrol - Lelouch - SautetClaude
97%
AllegretMarc
94%
Carné - Pagnol - L'HerbierMarcel
94%
BessonLuc
92%
TruffautFrançois
91%
Becker - Demy - TatiJacques
90%
OuryGérard
88%
Malle - LumièreLouis
88%
GuitrySacha
88%
Blier - TavernierBertrand
86%
Melville -MockyJean Pierre
85%
AnnaudJean Jacques
84%
AudiardMichel
84%
TéchinéAndré
80%
Resnais - CorneauAlain
79%
GodardJean Luc
79%
VardaAgnès
78%
LecontePatrice
74%
Granier DeferrePierre
72%
RohmerEric
71%
Pialat - TourneurMaurice
71%
De BrocaPhilippe
66%
Clair - ClémentRené
66%
MolinaroEdouard
64%
VeberFrancis
56%
GanceAbel
55%
Clouzot (2 prénoms)Henri Georges
55%
De la PatellièreDenis
49%
BressonRobert
48%
DuvivierJulien
41%
AllegretYves
31%

Distribution des résultats

Percentile par nombre de réponses

% des personnes avec chaque résultat

Votre développement - résultats

Vous n’avez pas pris ce quiz depuis la dernière actualisation